000 00833nam a2200277 4500
003 EG-GICUC
005 20260310000443.0
008 260310s1919 -us||||fr|||| 001 0 eng d
040 _aEG-GiCUC
_beng
_cEG-GiCUC
_dEG-GiCUC
_erda
041 0 _aeng
082 0 4 _221
_a341.6
_bRH . H
092 0 4 _221
099 _aLaw1 341.6 RH . H 1919
100 1 _aRhodes, James Ford
_eAuthor.
245 1 0 _aHistory of the civil war /
_cJames Ford Rhodes.
264 1 _aNew York :
_bThe Macmillan Company,
_c1919.
300 _a454 pages ;
_c24 cm
336 _2rda content
_atext
337 _2rda media
_aComputer
338 _2rda carrier
_aOnline Resource
546 _aText in English
650 1 4 _aPublic international law
856 4 0 _uhttps://fll.law.cu.edu.eg/fulltext/bks/B11-08731.pdf
905 _a30
942 _2ddc
_cBK
_e21
_n0
999 _c65934
_d65934